Principles and practice of highway engineering / (Record no. 658917)

MARC details
000 -LEADER
fixed length control field 00980nam a2200325 a 4500
001 - CONTROL NUMBER
control field vtls000810200
003 - CONTROL NUMBER IDENTIFIER
control field NLI
005 - DATE AND TIME OF LATEST TRANSACTION
control field 20210627054145.0
008 - FIXED-LENGTH DATA ELEMENTS--GENERAL INFORMATION
fixed length control field 110331s1964 ii 001 0 eng
020 ## - INTERNATIONAL STANDARD BOOK NUMBER
Terms of availability Rs. 45.00
039 #9 - LEVEL OF BIBLIOGRAPHIC CONTROL AND CODING DETAIL [OBSOLETE]
-- 201103311645
-- Vargis_01
040 ## - CATALOGING SOURCE
Original cataloging agency NLI
Language of cataloging eng
Transcribing agency Vergis_S
Description conventions AACR2
041 0# - LANGUAGE CODE
Language code of text/sound track or separate title eng
044 ## - COUNTRY OF PUBLISHING/PRODUCING ENTITY CODE
MARC country code ii
082 04 - DEWEY DECIMAL CLASSIFICATION NUMBER
Classification number 625.7
100 1# - MAIN ENTRY--PERSONAL NAME
Personal name Sharma, R. C.
Fuller form of name Ramesh Chandra
Dates associated with a name 1936-
9 (RLIN) 780467
245 10 - TITLE STATEMENT
Title Principles and practice of highway engineering /
Statement of responsibility, etc. R. C. Sharma [and] S. K. Sharma
260 ## - PUBLICATION, DISTRIBUTION, ETC.
Place of publication, distribution, etc. Calcutta :
Name of publisher, distributor, etc. Asia Pub.,
Date of publication, distribution, etc. c1964
300 ## - PHYSICAL DESCRIPTION
Extent xii, 664 p. ;
Dimensions 24 cm.
500 ## - GENERAL NOTE
General note Includes index
650 #0 - SUBJECT ADDED ENTRY--TOPICAL TERM
Topical term or geographic name entry element Roads
9 (RLIN) 726799
650 #0 - SUBJECT ADDED ENTRY--TOPICAL TERM
Topical term or geographic name entry element Technology
9 (RLIN) 696264
650 #0 - SUBJECT ADDED ENTRY--TOPICAL TERM
Topical term or geographic name entry element Civil
General subdivision Highway and traffic
9 (RLIN) 781966
700 1# - ADDED ENTRY--PERSONAL NAME
Personal name Sharma, S. K.,
Relationship jt. aut
9 (RLIN) 781967
887 ## - NON-MARC INFORMATION FIELD
Content of non-MARC field
901 ## - LOCAL DATA ELEMENT A, LDA (RLIN)
a DB5936 ;
b 31.10.1964
902 ## - LOCAL DATA ELEMENT B, LDB (RLIN)
a E/O 625.7 Sh 23
949 ## - LOCAL PROCESSING INFORMATION (OCLC)
-- VIRTUAITEM
-- 10000
-- 100
6 DBA000005936ENG
942 ## - ADDED ENTRY ELEMENTS (KOHA)
Source of classification or shelving scheme Dewey Decimal Classification
Koha item type Books
Holdings
Withdrawn status Lost status Damaged status Not for loan Collection code Home library Current library Shelving location Date acquired Total Checkouts Full call number Barcode Date last seen Price effective from Koha item type
        New English Oversized National Library of India National Library of India New English Oversized - Main Stack Division     E/O 625.7 Sh 23 DBA000005936ENG 27/06/2021 27/06/2021 Books
                                                                           
web counter

Copyright ©2020 The National Library of India, Govt. of India ↔ Hosted by NVLI, MOC ↔ Technology and Design by National Library of India, Ministry of Culture, Govt. of India